Flags of the Countries that Start with G - Statistics

General Stats
  • This quiz has been taken 12,351 times
  • The average score is 9 of 11
Answer Stats
Picture Answer % Correct
Germany
98%
Greece
98%
Georgia
97%
Ghana
88%
Guatemala
87%
Gabon
81%
Guinea
76%
Guinea-Bissau
76%
Guyana
76%
Grenada
74%
Gambia
73%
No matching quizzes found
Score Distribution
Percent of People with Each Score
Percentile by Number Answered
Your Score History
You have not taken this quiz